|
|
|
|
| LEADER |
01066nam a2200337 a 4500 |
| 001 |
000573342 |
| 003 |
CZ BrMZK |
| 005 |
20230802135836.0 |
| 007 |
ta |
| 008 |
011003s2001 xr f 000 0 cze d |
| 015 |
|
|
|a cnb001024621
|
| 020 |
|
|
|a 80-241-0661-2
|
| 035 |
|
|
|a (OCoLC)48708887
|
| 040 |
|
|
|a BOA001
|b cze
|
| 041 |
1 |
|
|a cze
|h eng
|
| 080 |
|
|
|a 82-312.5
|2 MRF
|
| 100 |
1 |
|
|a Bevarly, Elizabeth
|7 jn20001103286
|4 aut
|
| 245 |
1 |
0 |
|a Nebezpečná sázka /
|c Elizabeth Bevarlyová ; [překlad: Karla Šumavská]
|
| 260 |
|
|
|a Praha :
|b Harlequin,
|c c2001
|
| 300 |
|
|
|a 160 s. ;
|c 17 cm
|
| 490 |
1 |
|
|a Nevěsta a ženich
|
| 490 |
1 |
|
|a Desire ;
|v 447(M 09/01)
|
| 500 |
|
|
|a Přeloženo z angličtiny
|
| 655 |
|
7 |
|a milostné romány
|7 fd132840
|2 czenas
|
| 700 |
1 |
|
|a Šumavská, Karla
|7 mzk2013744166
|4 trl
|
| 765 |
0 |
|
|t Monahan's gamble
|9 Česky
|
| 830 |
|
0 |
|a Nevěsta a ženich
|
| 830 |
|
0 |
|a Desire (Harlequin)
|0 s
|
| 910 |
|
|
|a BOA001
|b 1-1095.280
|
| 990 |
|
|
|a BK
|
| 996 |
6 |
|
|b 2610151289
|c 1-1095.280
|l MZK
|r Sklad / do 1 hodiny
|n 3
|p p.v.
|w 000573342
|u 000010
|a 1
|e BOA001
|j MZK50
|s P
|